000
00290nam a22001337a 4500
008
250610b |||||||| |||| 00| 0 eng d
020
_a
9783548024
050
_a
CS 71
_b
.N 34
100
_a
Ndeokwelu ike
245
_a
My life journey
260
_a
NP
_b
NP
300
_a
351p
942
_c
BK
999
_c
3844
_d
3844